000 00420nam a2200169Ia 4500
001 29530
003 IN-NITTTR
005 20251114233402.0
008 251113s9999||||xx |||||||||||||| ||eng||
040 _beng
040 _cIN-NITTTR
041 _aeng
082 _a004.42 P223S
100 _aParker, Steve
245 0 _aShell scripting :
_b expert recipes for LINUX, BASH and more /
_cParker, Steve
942 _2ddc
_cBK
999 _c32158
_d32158